Viaje a Marruecos y Andalucía

Збережено в:
Бібліографічні деталі
Автор: Delacroix, Eugéne (Автор)
Формат: Книга
Мова:Іспанська
Опубліковано: Barcelona Terra Incognita 2012
Редагування:3a. ed
Серія:Serie Menor, 5
Предмети:
Теги: Додати тег
Немає тегів, Будьте першим, хто поставить тег для цього запису!

MARC

LEADER 00000cam a2200000 a 4500
001 UCD8683
003 CL-VaPUC
008 170519e20120000sp |||||||||||||||||spa|d
020 |a 9788497167628 
082 0 4 |a 910.10  |b DEL  |2 21 
100 0 |a Delacroix, Eugéne  |e author  |9 266127 
245 1 0 |a Viaje a Marruecos y Andalucía 
250 |a 3a. ed 
300 |a 94 p 
942 |c BK 
945 |d 20170519 15:42:00  |a arojas 
260 |a Barcelona  |b Terra Incognita  |c 2012 
650 0 |a Viajes y descubrimientos  |9 446349 
650 0 |a Cartas  |9 321777 
650 0 |a Dibujos  |9 264123 
651 7 |a MARRUECOS  |2 CL-VaPUC  |9 592176 
651 7 |a ANDALUCIA  |2 CL-VaPUC  |9 266221 
583 |a last modification  |c 20170519 15:42:00  |k Rodrigo Vera 
490 0 |a Serie Menor, 5 
999 |c 368013  |d 368011 
952 |0 0  |1 0  |3 erb  |4 0  |6 910_100000000000000_DEL_2012  |7 0  |8 A  |9 483262  |a BIBART  |b BIBART  |i 5375878  |o 910.10 DEL 2012  |p 5375878  |r 2025-03-13  |w 2019-11-24  |y BK  |z Catalogado en:20170519  |k ART